000 00697nam a2200241 a 4500
008
020 _a0748743804 (pbk.)
049 _aMAIN
090 _aTA355
_bTHO
100 1 _aThomson, William T.
245 1 0 _aTheory of vibration with applications /
_cWilliam T. Thomson.
250 _a4th ed.
260 _aEnglewood Cliffs, N.J. :
_bPrentice Hall,
_c1993.
300 _axi, 546 p. :
_bill. ;
_c24 cm.
504 _aIncludes bibliographical references.
500 _aIncludes index.
650 0 _aVibration.
907 _a.b10132776
_b22-04-13
_c16-08-04
003
005 20230123133809.0
040 _cNUST
942 _cBOOKS
_kTA355
_mTHO
999 _c154792
_d154792